Der Original-holzschnitt (Record no. 2335)
[ view plain ]
| 000 -CABECERA | |
|---|---|
| campo de control de longitud fija | 00655nam a2200205 a 4500 |
| 001 - NÚMERO DE CONTROL | |
| campo de control | BRCA_2595 |
| 005 - FECHA Y HORA DE LA ÚLTIMA TRANSACCIÓN | |
| campo de control | 20190320203900.0 |
| 008 - DATOS DE LONGITUD FIJA--INFORMACIÓN GENERAL | |
| campo de control de longitud fija | 281108s1914----gw-#---###---#000-0#ger-# |
| 050 #4 - SIGNATURA TOPOGRÁFICA DE LA BIBLIOTECA DEL CONGRESO | |
| Número de clasificación | NE1030 |
| Número de documento/Ítem | .B83 |
| -- | 1914 |
| 100 1# - ENTRADA PRINCIPAL--NOMBRE DE PERSONA | |
| Nombre de persona | Bucherer, Max |
| 9 (RLIN) | 7408 |
| 245 10 - MENCIÓN DE TÍTULO | |
| Título | Der Original-holzschnitt |
| Resto del título | Eine Einfuhrung in sein Wesen v. seine Technik |
| Mención de responsabilidad, etc. | von Max Bucherer und Fritz Ehlotzky |
| 260 ## - PUBLICACIÓN, DISTRIBUCIÓN, ETC. | |
| Lugar de publicación, distribución, etc. | Munich |
| Nombre del editor, distribuidor, etc. | E. Reinhardt |
| Fecha de publicación, distribución, etc. | 1914 |
| 300 ## - DESCRIPCIÓN FÍSICA | |
| Extensión | 122 p. |
| Otras características físicas | il., láminas, grabados |
| Dimensiones | 27 cm. |
| 500 ## - NOTA GENERAL | |
| Nota general | A67 |
| 650 14 - PUNTO DE ACCESO ADICIONAL DE MATERIA--TÉRMINO DE MATERIA | |
| Término de materia o nombre geográfico como elemento de entrada | Grabado en madera |
| Término indicativo de función/relación | Historia |
| 9 (RLIN) | 7409 |
| 650 14 - PUNTO DE ACCESO ADICIONAL DE MATERIA--TÉRMINO DE MATERIA | |
| Término de materia o nombre geográfico como elemento de entrada | Grabado en madera |
| Término indicativo de función/relación | Técnica |
| 9 (RLIN) | 7409 |
| 700 1# - PUNTO DE ACCESO ADICIONAL--NOMBRE DE PERSONA | |
| Nombre de persona | Ehlotzky, Fritz |
| 9 (RLIN) | 7410 |
| 902 ## - CATALOGADOR | |
| Iniciales | GFM |
| 942 ## - ELEMENTOS DE PUNTO DE ACCESO ADICIONAL (KOHA) | |
| Fuente del sistema de clasificación o colocación | Library of Congress Classification |
| Tipo de ítem Koha | Libros |
| Estado de retiro | Estado de pérdida | Estado dañado | No para préstamo | Localización permanente | Ubicación/localización actual | Fecha de adquisición | Número de inventario | Total de préstamos | Signatura topográfica completa | Código de barras | Fecha visto por última vez | Precio válido a partir de | Tipo de ítem Koha |
|---|---|---|---|---|---|---|---|---|---|---|---|---|---|
| El ejemplar forma parte de la colección y puede ser consultado según las políticas vigentes. | Biblioteca del Museo Franz Mayer (Rogerio Casas-Alatriste) | Biblioteca del Museo Franz Mayer (Rogerio Casas-Alatriste) | 28/11/2008 | A67 | NE1030 .B83 1914 (A67) | 2592 | 22/03/2019 | 22/03/2019 | Libros |